Vybrané statě z identifikace systémů Učebné texty

Enregistré dans:
Détails bibliographiques
Format: Livre
Langue:slovaque
Publié: Žilina Dom techn. ČSVTS 1990
Édition:1. vyd.
Tags: Ajouter un tag
Pas de tags, Soyez le premier à ajouter un tag!

MARC

LEADER 00000nam a2200000 4500
001 c031221
005 20260326135053.8
041 0 |a slo 
044 |a SK 
245 1 0 |a Vybrané statě z identifikace systémů  |b Učebné texty  |c Ján Čapek 
250 |a 1. vyd. 
264 1 |a Žilina  |b Dom techn. ČSVTS  |c 1990 
300 |a 69 s.